[Event "SVK-chT2C 1920"]
[Site "Slovakia"]
[Date "2019.12.15"]
[Round "6.3"]
[White "Pal, Peter"]
[Black "Weis, Dusan"]
[Result "1-0"]
[WhiteElo "2071"]
[BlackElo "1788"]
[PlyCount "69"]
[EventDate "2019.10.26"]
[EventType "team-tourn"]
[EventRounds "11"]
[EventCountry "SVK"]
[SourceTitle "CBM 194 Extra"]
[Source "ChessBase"]
[SourceDate "2020.03.31"]
[SourceVersion "1"]
[SourceVersionDate "2020.03.31"]
[SourceQuality "1"]
[WhiteTeam "Filakovo"]
[BlackTeam "Vinica"]
[WhiteTeamCountry "SVK"]
[BlackTeamCountry "SVK"]

1. Nf3 Nc6 2. c4 e5 3. Nc3 Nf6 4. d3 h6 5. g3 Bc5 6. Bg2 a6 7. 0-0 0-0 8. a3 d6 9. b4 Ba7 10. Bb2 Be6 11. Rc1 Qd7 12. Qc2 Rac8 13. Rfd1 Bh3 14. Bh1 Ng4 15. c5 dxc5 16. bxc5 Bxc5 17. Ne4 Ba7 18. e3 Nxe3 19. fxe3 Bxe3+ 20. Nf2 Bxc1 21. Qxc1 Bg4 22. Nxg4 Qxg4 23. Nxe5 Nxe5 24. Bxe5 c6 25. Rf1 Rfe8 26. Bf3 Qf5 27. d4 Qd3 28. Qf4 f6 29. Be4 Qe2 30. Qf5 Qe3+ 31. Rf2 Qg5 32. Qh7+ Kf7 33. Bxf6 Qc1+ 34. Kg2 Ke6 35. Bxg7 1-0

[Event "SVK-ch op"]
[Site "Banska Stiavnica"]
[Date "2013.07.13"]
[Round "8"]
[White "Jancura, Andrej"]
[Black "Weis, Dusan"]
[Result "1-0"]
[WhiteElo "1885"]
[BlackElo "1754"]
[PlyCount "81"]
[EventDate "2013.07.06"]
[EventType "swiss"]
[EventRounds "9"]
[EventCountry "SVK"]
[SourceTitle "CBM 155 Extra"]
[Source "ChessBase"]
[SourceDate "2013.08.26"]
[SourceVersion "1"]
[SourceVersionDate "2013.08.26"]
[SourceQuality "1"]

1. d4 Nf6 2. Nf3 e6 3. g3 b6 4. Bg2 Bb7 5. 0-0 c5 6. c3 cxd4 7. cxd4 Be7 8. Nc3 0-0 9. Bf4 a6 10. Rc1 d6 11. Qd3 Nbd7 12. Rc2 Rc8 13. Rfc1 b5 14. Nd2 Bxg2 15. Kxg2 Nb6 16. e4 Qd7 17. Be3 Qb7 18. f3 Rfd8 19. Ne2 h6 20. b3 Nfd7 21. Rxc8 Rxc8 22. Rxc8+ Nxc8 23. Qc2 Bf6 24. Nb1 Ne7 25. Nd2 Nc6 26. Nf1 d5 27. e5 Bd8 28. f4 Bb6 29. g4 Qa7 30. Qxc6 Nf8 31. Nd2 Ng6 32. Nf3 Kh7 33. f5 Ne7 34. Qc2 exf5 35. gxf5 g6 36. Ng3 Qd7 37. f6 Ng8 38. h3 Qe6 39. Bxh6 Qe8 40. Bg7 Bxd4 41. Ng5# 1-0

[Event "SVK-ch op"]
[Site "Banska Stiavnica"]
[Date "2013.07.12"]
[Round "7"]
[White "Weis, Dusan"]
[Black "Lovas, Miklos"]
[Result "0-1"]
[WhiteElo "1754"]
[BlackElo "1975"]
[PlyCount "78"]
[EventDate "2013.07.06"]
[EventType "swiss"]
[EventRounds "9"]
[EventCountry "SVK"]
[SourceTitle "CBM 155 Extra"]
[Source "ChessBase"]
[SourceDate "2013.08.26"]
[SourceVersion "1"]
[SourceVersionDate "2013.08.26"]
[SourceQuality "1"]

1. e4 d5 2. exd5 Qxd5 3. Nc3 Qa5 4. Bc4 Nf6 5. d4 c6 6. Bd2 Bf5 7. Nf3 e6 8. Qc1 Nbd7 9. 0-0 Qc7 10. Bf4 Bd6 11. Bxd6 Qxd6 12. h3 h6 13. Qe3 Bxc2 14. Ne5 0-0 15. Rfe1 Rad8 16. Rac1 Bf5 17. Rcd1 Nd5 18. Bxd5 exd5 19. Ne2 f6 20. Nf3 Qb4 21. Ng3 Bg6 22. Nh4 Bf7 23. Ngf5 Rfe8 24. Ne7+ Kh7 25. Qd3+ Kh8 26. Nhf5 Nf8 27. Qg3 g6 28. Qh4 Nh7 29. Qxh6 gxf5 30. Re3 Rxe7 31. Rg3 Rg8 32. Rdd3 Qe1+ 33. Kh2 Qxf2 34. Rdf3 Qxd4 35. Rxf5 Rxg3 36. Kxg3 Qe4 37. Rf4 Qe3+ 38. Kh2 Qe5 39. g3 Qg5 0-1

[Event "SVK-ch op"]
[Site "Banska Stiavnica"]
[Date "2013.07.11"]
[Round "6"]
[White "Kalisky, Vladimir"]
[Black "Weis, Dusan"]
[Result "1-0"]
[WhiteElo "2195"]
[BlackElo "1754"]
[PlyCount "72"]
[EventDate "2013.07.06"]
[EventType "swiss"]
[EventRounds "9"]
[EventCountry "SVK"]
[SourceTitle "CBM 155 Extra"]
[Source "ChessBase"]
[SourceDate "2013.08.26"]
[SourceVersion "1"]
[SourceVersionDate "2013.08.26"]
[SourceQuality "1"]

1. e4 e5 2. Nf3 Nc6 3. Bb5 a6 4. Ba4 Nf6 5. 0-0 d6 6. Re1 b5 7. Bb3 Be7 8. c3 Bg4 9. d3 h6 10. Nbd2 0-0 11. Nf1 Na5 12. Bc2 c5 13. Ng3 Re8 14. h3 Be6 15. d4 cxd4 16. cxd4 Qc7 17. d5 Bd7 18. Re2 Rec8 19. b3 Nb7 20. Be3 a5 21. Rc1 Qd8 22. Bd3 Rxc1 23. Qxc1 Rc8 24. Rc2 Rxc2 25. Qxc2 Ne8 26. Qe2 b4 27. Bb5 Nc7 28. Bc6 Bxc6 29. dxc6 Nc5 30. Bxc5 dxc5 31. Nf5 f6 32. Qc4+ Kf8 33. N3h4 Qe8 34. Nxe7 Kxe7 35. Qxc5+ Ke6 36. Nf5 Kf7 1-0

[Event "SVK-ch op"]
[Site "Banska Stiavnica"]
[Date "2013.07.10"]
[Round "5"]
[White "Weis, Dusan"]
[Black "Hyll, Jan"]
[Result "1-0"]
[WhiteElo "1754"]
[BlackElo "1899"]
[PlyCount "83"]
[EventDate "2013.07.06"]
[EventType "swiss"]
[EventRounds "9"]
[EventCountry "SVK"]
[SourceTitle "CBM 155 Extra"]
[Source "ChessBase"]
[SourceDate "2013.08.26"]
[SourceVersion "1"]
[SourceVersionDate "2013.08.26"]
[SourceQuality "1"]

1. e4 d5 2. exd5 Nf6 3. c4 e6 4. dxe6 Bxe6 5. Nf3 Nc6 6. d4 Bb4+ 7. Nc3 Qe7 8. Be2 Bxc4 9. Be3 Bxe2 10. Qxe2 0-0 11. 0-0 Rad8 12. Rad1 Nd5 13. Nxd5 Rxd5 14. a3 Ba5 15. b4 Bb6 16. Qc4 Rfd8 17. Rfe1 Qd6 18. b5 Na5 19. Qa2 Rxb5 20. Ne5 Qd5 21. Qe2 Re8 22. Qg4 Re6 23. Bh6 g6 24. Qf4 f6 25. Ng4 f5 26. Nf6+ Rxf6 27. Re8+ Kf7 28. Rf8+ Ke7 29. Re1+ Re6 30. Qg5+ Kd7 31. Rd8+ Kc6 32. Rc1+ Nc4 33. Rxd5 Kxd5 34. Qd8+ Nd6 35. Qg8 Bxd4 36. Re1 Ne4 37. Be3 Bxe3 38. fxe3 c5 39. Rd1+ Ke5 40. Qg7+ Nf6 41. Qc7+ Ke4 42. Qf4# 1-0